Dostavba prieluky, Radlinského ulica, Bratislava

Na minha lista:
Detalhes bibliográficos
Autor principal: Sisková, Michaela (Author)
Outros Autores: Tóthová, Zuzana (Thesis advisor)
Formato: Manuscrito Livro
Idioma:eslovaco
Publicado em: Bratislava 2022
Assuntos:
Acesso em linha:http://is.stuba.sk/zp/portal_zp.pl?podrobnosti=152642
Tags: Adicionar Tag
Sem tags, seja o primeiro a adicionar uma tag!

MARC

LEADER 00000ntm a22000003a 4500
001 stuzp90045
003 SK-STU
005 20221025095402.5
007 ta
008 150427s2015----xo-----f-mn---000-0-slo-d
040 |a STU  |b slo 
041 0 |a slo 
100 1 |a Sisková, Michaela  |u 051110  |4 aut  |U FAD Fakulta architektúry a dizajnu  |T FAD Ústav architektúry obytných budov  |X 99269  |U A1110  |Y 392  |7 99269 
242 0 1 |a Gap Building, Radlinského Street, Bratislava  |y eng 
245 1 0 |a Dostavba prieluky, Radlinského ulica, Bratislava 
260 |c 2022  |a Bratislava 
650 4 |a umenie  |2 slo 
650 4 |a kultúra  |2 slo 
650 4 |a ateliéry  |2 slo 
650 4 |a kultúrne centrum  |2 slo 
650 4 |a kaviareň  |2 slo 
650 4 |a cultural center  |2 eng 
650 4 |a culture  |2 eng 
650 4 |a studios  |2 eng 
650 4 |a art  |2 eng 
700 1 |a Tóthová, Zuzana  |u 051110  |k Z1  |4 ths  |U FAD Fakulta architektúry a dizajnu  |T FAD Ústav architektúry obytných budov  |X 389  |U A1110  |Y 392  |7 A000000389 
856 4 |u http://is.stuba.sk/zp/portal_zp.pl?podrobnosti=152642  |u https://opac.crzp.sk/?fn=detailBiblioForm&sid=62A48EA6D8C294D559C8BB542714